|
|
|
|
| LEADER |
00000nab a2200000 ar4500 |
| 001 |
vtls009469103 |
| 003 |
SK-MaSNL |
| 005 |
20260304213630.0 |
| 008 |
090204c2008 xo qr|p|||||||000 b|slo |
| 015 |
|
|
|a SNBRB2009/02
|2 snkbucl
|
| 038 |
|
|
|a SNKBUCL
|
| 040 |
|
|
|a SNKBUCL
|b slo
|c SNKBUCL
|e AACR2
|
| 041 |
0 |
|
|a cze
|
| 044 |
|
|
|a xo
|c SK
|
| 080 |
|
|
|a 628.463.043:621.3
|2 2001
|
| 100 |
1 |
|
|a Ivanka, Ján
|4 aut
|9 1039605
|
| 245 |
1 |
0 |
|a Separace kovových částí elektronického odpadu v průmyslu komerční bezpečnosti
|c Ján Ivanka, Petr Navrátil
|
| 300 |
|
|
|b Grafy, obr., tab.
|
| 650 |
0 |
7 |
|a elektronický odpad
|2 snkbucl
|9 1078823
|
| 650 |
0 |
7 |
|a kovový odpad
|2 snkbucl
|9 74620
|
| 650 |
0 |
7 |
|a separovanie
|2 snkbucl
|9 1546792
|
| 700 |
1 |
|
|a Navrátil, Petr,
|d 1977-
|4 aut
|9 262427
|
| 773 |
0 |
|
|t Alarm security magazín
|g Roč. X., č. 4 (2008), s. 28-30
|x 1335-504X
|
| 852 |
|
|
|a SNK
|b KIS3GCP
|
| 999 |
|
|
|c 3136804
|d 3138734
|